01379nam a2200313Ia 450000500170000000800410001702000210005804000080007905000060008708200190009310000240011224500880013626000350022430000180025933700100027733800140028733900120030144000130031350000720032650000690039850502780046765000210074565000300076670000310079694200070082795201130083495201010094799900170104820231102151808.0120622t2011 MX f 000 0 spa d a978-968-1731-6  eRDA a  2BF408 B32 201110aBACHELARD, GASTON, 10aLa formación del espíritu científico c/ Gaston Bachelard ; tr. José Babini aMéxico c, 1948b: Siglo XXI a302 páginas atexto asin medio avolumen aTeoría aEducación Flexible / Lic. en Criminalística / M04 / 14 004465  aEducación mixta / Lic. en Criminalística / M04 / 14 005657  aLa noción del obstáculo epistemológico. Plan de la obra El primer obstáculo : la experiencia básica El conocimiento general como obstáculo para el conocimiento científico.- Un ejemplo de obstáculo verbal : la esponja. Extensión abusiva de la imágenes 10aPSICOANÁLISIS 20aTEORÍA DEL CONOCIMIENTO10aBabini, José qtraductor cLB 00102lcc4070a14b14d2014-07-25l2oBF408 B32 2011p14 005657r2019-08-31s2019-08-30t2w2015-02-23yLB 00102lcc4070a14b14d2012-05-21l0oBF408 B32 2011p14 004465r2015-03-04t1w2015-03-04yLB c95923d95923